000 01785 a2200217 4500
001 11367
003 IN-BhIIT
005 20260214161158.0
008 260214b |||||||| |||| 00| 0 eng d
020 _a9783030602741 (hbk.)
040 _aIN-BhIIT
041 _aeng
082 _a174.9
_bREI/N
100 _aReijers, Wessel
_eAuthor
_927249
245 _aNarrative and technology ethics /
_cWessel Reijers and Mark Coeckelbergh
260 _aSwitzerland :
_bSpringer,
_c2020.
300 _axiii, 214p. :
_bill. ;
_c 22 cm.
504 _aIncludes bibliographical references. and index.
520 _aThis book proposes that technologies, similar to texts, novels and movies, ‘tell stories’ and thereby configure our lifeworld in the Digital Age. The impact of technologies on our lived experience is ever increasing: innovations in robotics challenge the nature of work, emerging biotechnologies impact our sense of self, and blockchain-based smart contracts profoundly transform interpersonal relations. In their exploration of the significance of these technologies, Reijers and Coeckelbergh build on the philosophical hermeneutics of Paul Ricouer to construct a new, narrative approach to the philosophy and ethics of technology. The authors take the reader on a journey: from a discussion of the philosophy of praxis, via a hermeneutic notion of technical practice that draws on MacIntyre, Heidegger and Ricoeur, through the virtue ethics of Vallor, and Ricoeur’s ethical aim, to the eventual construction of a practice method which can guide ethics in research and innovation. In itscreation of a compelling hermeneutic ethics of technology, the book offers a concrete framework for practitioners to incorporate ethics in everyday technical practice.
942 _cTRB
999 _c15284
_d15284